• 首页
  • 本馆介绍
  • 公告通知
  • 最新文献
  • 馆藏检索
  • 电子资源
  • 读者导购
  • 参考咨询
  • 我的图书馆
  • 登录
  • 详细信息显示
  • 放入我的书架
  • 预约/预借图书
  • 作者相关作品
  • 分类相关作品
  • 丛书相关作品
  • 出版社相关作品

书目信息

  • 表格格式
  • 工作单格式
  • 卡片格式
题名:
本领恐慌
    
 
作者: 王小平 著
分册:  
出版信息: 海口   海南出版社  2001
页数: 17,430页
开本: 20cm
丛书名:
单 册:
中图分类: G791 , B825
科图分类:
主题词: 学习方法 , 学习方法--通俗读物 , 伦理学
电子资源:
ISBN: 7-80645-893-X
000 00887nam0 2200277 450
001 0964156025
005 20090928175102.17
010    @a7-80645-893-X@dCNY24.80
100    @a20010329d2001 em y0chiy0110 ea
101 0  @achi
102    @aCN@b460000
105    @ay z 000yy
106    @ar
200 1  @a本领恐慌@Aben ling kong huang@f王小平著
210    @a海口@c海南出版社@d2001
215    @a17,430页@d20cm
314    @a王小平(女),合著《大成奥秘——超越美国成功学》,著有《本领恐慌》。
330    @a本书分学习化生存、成才大奥秘、成事大本领、成学大方略四篇,介绍了作者自己成才、成功的道路,阐述了以能力为中心的素质学习、素质教育的观点。
606 0  @a学习方法
606 0  @a学习方法@j通俗读物
606 0  @a伦理学
690    @aG791@v4
690    @aB825@v4
701  0 @a王小平@Awang xiao ping@4著
801  0 @aCN@bNLC@c20010410
905    @a10447@dB825@eJY44
    
    本领恐慌/王小平著 .-海口:海南出版社,2001
    17,430页;20cm
    
    
    ISBN 7-80645-893-X:CNY24.80
    本书分学习化生存、成才大奥秘、成事大本领、成学大方略四篇,介绍了作者自己成才、成功的道路,阐述了以能力为中心的素质学习、素质教育的观点。
●
相关链接 在E读中查询图书 在五车中查询图书 在当当中查询图书 在豆瓣中查询图书


正题名:本领恐慌     索取号:B825/JY44         预约/预借

序号 登录号 条形码 馆藏地/架位号 状态 备注
1 7820280   278202801   学院路分馆/ [索取号:B825/JY44] 在馆    
2 7820281   278202810   学院路分馆/ [索取号:B825/JY44] 在馆    
3 7820282   278202829   学院路分馆/ [索取号:B825/JY44] 在馆    
唐山师范学院图书馆 欢迎您!
大连网信软件有限公司© 版权所有